An Introduction to Pastoral Care & Counseling (Record no. 12020)

MARC details
000 -LEADER
fixed length control field 00564nam a2200217 a 4500
001 - CONTROL NUMBER
control field 0001-2020
003 - CONTROL NUMBER IDENTIFIER
control field ELIB.Books
008 - FIXED-LENGTH DATA ELEMENTS--GENERAL INFORMATION
fixed length control field 190617 2010 eng
020 ## - INTERNATIONAL STANDARD BOOK NUMBER
International Standard Book Number KBTS
092 ## - LOCALLY ASSIGNED DEWEY CALL NUMBER (OCLC)
Classification number 253.5
Item number Mur
100 ## - MAIN ENTRY--PERSONAL NAME
Personal name Murry, Ezamo
245 ## - TITLE STATEMENT
Title An Introduction to Pastoral Care & Counseling
260 ## - PUBLICATION, DISTRIBUTION, ETC. (IMPRINT)
Place of publication, distribution, etc. Dehli
Name of publisher, distributor, etc. Cambridge
Date of publication, distribution, etc. 2009
300 ## - PHYSICAL DESCRIPTION
Extent 342
Dimensions 29.5 Cm
650 ## - SUBJECT ADDED ENTRY--TOPICAL TERM
Topical term or geographic name as entry element Care & Counseling
856 ## - ELECTRONIC LOCATION AND ACCESS
Name of location of host KBTS Library
Uniform Resource Identifier <a href="KBTS Elib">KBTS Elib</a>
942 ## - ADDED ENTRY ELEMENTS (KOHA)
Source of classification or shelving scheme Dewey Decimal Classification
Koha item type Books
990 ## - EQUIVALENCES OR CROSS-REFERENCES [LOCAL, CANADA]
Link information for 9XX fields 2
998 ## - LOCAL CONTROL INFORMATION (RLIN)
-- Englishbooks.elf
Cataloger's initials, CIN (RLIN) cat
-- 2019-06-17
-- cat
-- 2019-06-24
Holdings
Withdrawn status Lost status Source of classification or shelving scheme Damaged status Not for loan Home library Current library Date acquired Total Checkouts Barcode Date last seen Bill Date Koha item type
    Dewey Decimal Classification     Karen Baptist Theological Seminary Library Karen Baptist Theological Seminary Library 17/06/2019   14417, 14418 22/01/2022 22/01/2022 Books
Implemented & Customized by: BestBookBuddies

Powered by Koha